| 000 | 00889nam a2200217Ia 4500 | ||
|---|---|---|---|
| 005 | 20241129111047.0 | ||
| 008 | 241129s9999||||xx |||||||||||||| ||und|| | ||
| 020 | _a978-93-87889-40-8 | ||
| 037 | _aTB | ||
| 040 |
_aCRL _bhin _cCRL |
||
| 041 |
_ahin _2hin |
||
| 084 |
_aO44,1:g 152R0 _qCRL |
||
| 100 |
_aबील़क्2637रूश्र2665ी, तारक नाथ, ले. _9723273 |
||
| 245 | 0 |
_aभारतीय काव्यशास्त्र: संशोधित एवं प्रवर्द्धित संस्करण _cबील़क्2637रूश्र2665ी, तारक नाथ, ले. |
|
| 260 |
_aनई दिल्ली, भारत _bवाणी प्रकाशन _c2017 |
||
| 300 | _a207पृ0 | ||
| 365 |
_aINR _b425 |
||
| 650 | _aIndian Literature | ||
| 942 |
_cTB _hO44,1:g 152R0 |
||
| 999 |
_c1228760 _d1228760 |
||